Veer Tanaji Malusare : (Record no. 205323)

MARC details
000 -LEADER
fixed length control field 00558nam a22001817a 4500
005 - DATE AND TIME OF LATEST TRANSACTION
control field 20240828111304.0
010 ## - LCCN (DPL NO)
LC control number ENG-141488
020 ## - INTERNATIONAL STANDARD BOOK NUMBER
Terms of availability 150.00
International Standard Book Number 9789352969401
035 ## - SYSTEM CONTROL NUMBER
System control number EN-125025
037 ## - SOURCE OF ACQUISITION
Source of stock number/acquisition DBAD
082 ## - DEWEY DECIMAL CLASSIFICATION NUMBER
Classification number 921
100 ## - MAIN ENTRY--PERSONAL NAME
Personal name Sharma, Himanshu
245 ## - TITLE STATEMENT
Title Veer Tanaji Malusare :
Remainder of title Great Maratha Warrior /
Statement of responsibility, etc by Himanshu Sharma
260 ## - PUBLICATION, DISTRIBUTION, ETC. (IMPRINT)
Place of publication, distribution, etc Delhi
Name of publisher, distributor, etc Diamond Pocket Books Pvt Ltd
Date of publication, distribution, etc 2019
270 ## - ADDRESS
City Delhi
Address X-30, Okhla Industrial Area, Phase-II
Postal code 110020
300 ## - PHYSICAL DESCRIPTION
Extent 64p.
Dimensions 22 cm(Pb)
942 ## - ADDED ENTRY ELEMENTS (KOHA)
Source of classification or shelving scheme Dewey Decimal Classification
Item type English Books
Classification part 921
Call number suffix SHA
Holdings
Withdrawn status Lost status Not for loan Home library Current library Date acquired Source of acquisition Cost, normal purchase price Full call number Barcode Copy number Cost, replacement price Koha item type
      New Police Line New Police Line 28/08/2024 DBAD 150.00 921 SHA EN-125020 1 150.00 English Books

© Delhi Public Library
Hit Counter
free hit counter